000 00769nam a2200193 i 4500
001 188030
003 SpMaBN
005 20230906223103.0
008 180412s1925 sp |||| | spa d
245 0 0 _aTextos y ejercicios para el estudio de la literatura /
_canotados por José Rogerio Sánchez [y García].
250 _a2ª ed.
260 _aMadrid :
_bLib. de los Sucesores de Hernando,
_c1925 (
_fImp. de la Enseñanza)
300 _a415, VI p. ;
_c20 cm.
500 _aÍndice de autores u obras.
650 _aLiteratura-
_xHistoria y crítica.
_914489
700 1 _aSánchez, José Rogerio,
_d1876-1949
_9102387
852 _aES-MaACL
_jL-31916
_z- Enc. cart.
_z. - Donat. herederos de la bibl. de Mª del Pilar Costa Palacín
999 _c188030
_d188030